Análisis de la Radio propagación para un escenario Outdoor-to-Indoor en las Bandas 850 MHz y 2100 MHz
Presenta un análisis de las características de radio propagación dentro de un entorno Outdoor-to-Indoor para un edificio de cinco pisos ubicado en el campus central de la Universidad Nacional de Ingeniería, este análisis se fundamenta en la comparación de mediciones reales y los resultados adq...
| Main Author: | |
|---|---|
| Other Authors: | |
| Format: | Tesis Section = Libro |
| Language: | Undetermined Spanish |
| Published: |
Managua
UNI
2017
|
| Subjects: |
| LEADER | 01290nam a2200265Ia 4500 | ||
|---|---|---|---|
| 008 | 240830s9999 xx 000 0 und d | ||
| 040 | |a BIBLIOTECA-RUSB/ Mon 621.38411 C146 | ||
| 041 | |a spa | ||
| 082 | |a Mon 621.38411 C146 | ||
| 100 | 1 | |a Calderón Jiménez, Maxwell Josué | |
| 245 | 1 | 0 | |a Análisis de la Radio propagación para un escenario Outdoor-to-Indoor en las Bandas 850 MHz y 2100 MHz |
| 260 | |a Managua |b UNI |c 2017 | ||
| 300 | |a 137 p. :il. | ||
| 500 | |a Contiene: anexos e Incluye: CD. | ||
| 502 | |a Tesis (Ingeniero Electrónico) - UNI, 2017. | ||
| 520 | 3 | |a Presenta un análisis de las características de radio propagación dentro de un entorno Outdoor-to-Indoor para un edificio de cinco pisos ubicado en el campus central de la Universidad Nacional de Ingeniería, este análisis se fundamenta en la comparación de mediciones reales y los resultados adquiridos mediante la técnica de disparo y rebote de rayos como método de precisión. | |
| 650 | 7 | |a PROPAGACION Y TRANSMISION DE ONDAS | |
| 650 | 7 | |b REDES INALAMBRICAS | |
| 650 | 7 | |c COMUNICACIONES INALAMBRICAS | |
| 650 | 7 | |d SEÑALES ELECTROMAGNETICAS | |
| 650 | 7 | |e HERRAMIENTAS SOFTWARE WIRELESS | |
| 700 | 1 | |a Tutor: |b Arias Olivas, Marvin René | |
| 942 | |c BK |2 ddc | ||
| 991 | |a TESIS | ||
| 999 | |c 20295 | ||